000 00278nam a2200121Ia 4500
008 190216s9999||||xx |||||||||||||| ||und||
100 _aAshapoorna Devi
245 0 _aHindi-Athmanidhor Sharan
260 _bRashtriya Prakashan
300 _a144
650 _aHindi
942 _cBK
999 _c16398
_d16398